000 005840000a22001810004500
003 MACL
005 20160422135542.0
008 160422b xxu||||| |||| 00| 0 eng d
040 _aMACL
_cMACL
041 _aHindi
082 _a658
100 _aवर्मा सावित्री देवी
_953345
245 _aपारिवारिक समस्‍याऍ
260 _bआत्‍माराम एण्‍ड संस
_c1996
_aनई दिल्‍ली
350 _a250
650 _aHome Economics & Family Living
_952040
942 _cHIN
_k640
_2ddc
999 _c11931
_d11931